MARC

LEADER 00000nam0a2200000 4500
001 176564
005 20231031165335.0
010 |a 5935567059 
035 |a (RuTPU)RU\TPU\book\191410 
090 |a 176564 
100 |a 20100302d2006 m y0rusy50 ca 
101 0 |a rus 
102 |a RU 
105 |a y z 000ay 
200 1 |a Серебряный дракон  |e роман  |f В. М. Скачков 
210 |a Москва  |c Армада  |c Альфа-книга  |d 2006 
215 |a 554 с. 
225 1 |a Фантастический боевик 
610 1 |a русская литература 
610 1 |a романы 
610 1 |a фантастика 
675 |a Р2  |v 3 
700 1 |a Скачков  |b В. М.  |g Владимир Михайлович 
801 1 |a RU  |b 63413507  |c 20100302 
801 2 |a RU  |b 63413507  |c 20100303  |g RCR 
942 |c BK